Estadísticas para Países comunistas

Haz click aquí para intentar la prueba.

Estadísticas generales

  • Esta prueba ha sido intentada 2.930 veces
    (2.688 desde el último reinicio)
  • La puntuación promedio es 14 de 26

Estadísticas de respuestas

AñosPaís% Correcto
1949–China
94%
1922–1991Unión Soviética
91%
1948–2009Corea del Norte
88%
1959–Cuba
88%
1976–Vietnam
78%
1945–1976Vietnam del Norte
78%
1945–1991Yugoslavia
72%
1944–1989Polonia
67%
1947–1989Rumania
63%
1975–Laos
60%
1979–1989Camboya
58%
1946–1990Bulgaria
57%
1949–1989Hungría
57%
1948–1990Checoslovaquia
54%
1924–1990Mongolia
53%
1949–1990Alemania Oriental
50%
1946–1992Albania
45%
1978–1992Afganistán
42%
1975–1992Angola
37%
1970–1991República del Congo
35%
1987–1991Etiopía
28%
1975–1990Mozambique
27%
1969–1991Somalia
27%
1967–1990Yemen del Sur
22%
1979–1983Granada
13%
1975–1990Benín
12%

Distribución de puntuación

Porcentaje por número respondido

Porcentaje de gente con cada puntuación

Historial de tus puntuaciones

No has intentado esta prueba desde el último reinicio